Učebná povinnost středoškolských profesorů

Bibliographic Details
Main Author: Neuhöfer, Rudolf (Author)
Format: Book
Language:Undetermined
Published: Praha Česká grafická Unie a. s. 1931

MARC

LEADER 00000nam a2200000 a 4500
001 vtls001292095
003 SK-MaSNL
005 20260301113547.0
008 240315s1931 xx 0 und
035 |a SNK000243792 
040 |a SNK  |b slo  |c SNK  |e AACR2 
100 1 |a Neuhöfer, Rudolf  |4 aut  |9 287719 
245 1 |a Učebná povinnost středoškolských profesorů 
260 |a Praha  |b Česká grafická Unie a. s.  |c 1931 
300 |a 136 s. 
999 |c 714721  |d 716651 
952 |t P60, <04>, [BOOK], {604}  |a SNK  |b SNK  |y VYP  |7 0  |p 17A0074389  |o snkID 19192  |0 0  |1 0  |4 0  |d 1997-06-25  |l 0  |r 2005-01-02 00:00:00  |w 2026-02-23